000 00958nam a2200253 a 4500
001 BRCA_1768
005 20190320203536.0
008 940321s1993 mx-a---##b---s000-0#spa-d
020 _a9687441009
040 _aTxEU
_cTxEU
_dDLC
050 4 _aHD1471.M4
_b.P67 1993
100 1 _aPorras Muñoz, Guillermo
_9689
245 1 0 _aHaciendas de Chihuahua
_ctexto Guillermo Porras Muñoz ; introducción Felipe Colomo Castro ; fotografías Enrique Ramírez Leyva, Francisco Muñoz.
260 _aChihuahua, México
_bGobierno del Estado de Chihuahua : Coordinación de Comunicación Social
_c1993
300 _a133 p.
_bil. (algunas a color)
_c33 cm.
500 _aColección Sonia Corcuera de Mancera
504 _aBibliografía: p. 123-127
650 1 4 _aHaciendas
_xHistoria
_zMéxico
_9276
651 4 _aChihuahua (México)
_xHistoria
_93324
700 1 _aRamírez Leyva, Enrique
_95503
700 1 _aMuñoz, Francisco
_95504
902 _aDSC
942 _2lcc
_cB
999 _c1550
_d1550